000 00517nam a22001697a 4500
003 BD-DhUL
005 20170328114039.0
008 170320s1334 ii ||||| |||| 00| 0 a d
040 _aBD-DhUL
_cBD-DhUL
082 _a297
_bIBF
100 0 _aابن المقرى
245 1 0 _aفتح المتعال فى مدح النعال /
_cابن المقرى
260 _aحيدرابادالدكن :
_bداءرةالمعارف،
_c۱۳۳۴۔
300 _aص۔ ۴۱۳ ؛
_c۲۵ سم۔
650 0 _aIslam
942 _2ddc
_cBK
999 _c168753
_d168753